000 00206 a2200097 4500
001 18971
100 _aCASE J
245 _aStrength of materials
260 _a
_bEdward arnold
_c1964
090 _c14057
_d14057
942 _aNUST-CAE
_cM
_c4511
999 _c254044
_d254044